Meet the opossum /

Discusses the physical characteristics, behavior, habitat, food habits, and babies of a mammal that has inhabited the Earth since the time of the giant dinosaurs.

Bibliographic Details
Main Author: Rue, Leonard Lee
Other Authors: Owen, William, 1942-
Format: Book
Language:English
Published: New York : Dodd, Mead, [1983]
Subjects:

MARC

Tag First Indicator Second Indicator Subfields
LEADER 00000pam a2200000 a 4500
001 in00000407821
005 20151012051131.0
008 830628s1983 nyua j 00110 eng
010 |a  83014033  
020 |a 0396082211 
035 |a (OCoLC)09730937 
035 |9 ABT3815AM 
039 0 |a 2  |b 3  |c 3  |d 3  |e 3 
040 |a DLC  |c DLC  |d TXA  |d UtOrBLW 
049 |a [Curr Col] TXAM  |c [A08680801] 
050 0 0 |a QL737.M34  |b R84 1983 
082 0 |a 599.2  |2 19 
100 1 |a Rue, Leonard Lee. 
245 1 0 |a Meet the opossum /  |c Leonard Lee Rue III with William Owen ; illustrated with photographs by Leonard Lee Rue III. 
264 1 |a New York :  |b Dodd, Mead,  |c [1983] 
264 4 |c ©1983 
300 |a 62 pages :  |b illustrations ;  |c 24 cm. 
336 |a text  |b txt  |2 rdacontent 
337 |a unmediated  |b n  |2 rdamedia 
338 |a volume  |b nc  |2 rdacarrier 
500 |a Includes index. 
520 |a Discusses the physical characteristics, behavior, habitat, food habits, and babies of a mammal that has inhabited the Earth since the time of the giant dinosaurs. 
650 0 |a Opossums  |v Juvenile literature. 
650 1 |a Opossums. 
700 1 |a Owen, William,  |d 1942- 
999 |a MARS 
999 f f |s 60f96d30-9f64-37c5-9bab-9bed87ac255f  |i 4af3938f-b2aa-3746-b1cc-ea2a622b3a24  |t 0 
952 f f |p ric  |a Texas A&M University  |b Rellis Campus  |c Joint Library Facility  |d Remote Storage  |t 0  |e QL737.M34 R84 1983  |h Library of Congress classification  |i unmediated -- volume  |m A14808680801 
998 f f |a QL737.M34 R84 1983  |t 0  |l Remote Storage